Local Government Act 1999 Part I : best value and performance improvement (Record no. 102680)

MARC details
000 -LEADER
fixed length control field 01022cam a2200277 4500
008 - FIXED-LENGTH DATA ELEMENTS--GENERAL INFORMATION
fixed length control field 030314n2003 000 0 eng u
020 ## - INTERNATIONAL STANDARD BOOK NUMBER
International Standard Book Number 0117536407
035 ## - SYSTEM CONTROL NUMBER
System control number (Sirsi) u121625
050 ## - LIBRARY OF CONGRESS CALL NUMBER
Classification number 352
-- 18
110 ## - MAIN ENTRY--CORPORATE NAME
Corporate name or jurisdiction name as entry element United Kingdom
Subordinate unit Office of the Deputy Prime Minister
245 ## - TITLE STATEMENT
Title Local Government Act 1999 Part I : best value and performance improvement
260 ## - PUBLICATION, DISTRIBUTION, ETC.
Name of publisher, distributor, etc. ODPM
Date of publication, distribution, etc. 2003
350 ## - PRICE (NR) (BK AM CF MU VM SE) [OBSOLETE]
Price 8.25
490 ## - SERIES STATEMENT
Series statement ODPM Circular
Volume/sequential designation 03/2003
520 ## - SUMMARY, ETC.
Summary, etc. Dated 13 March 2003. Supersedes DETR Circulars 10/1999 (ISBN 0117535311) and 02/2001 (ISBN 011753577X). View at www.local-regions.odpm.gov.uk.
650 ## - SUBJECT ADDED ENTRY--TOPICAL TERM
Topical term or geographic name entry element BEST VALUE
650 ## - SUBJECT ADDED ENTRY--TOPICAL TERM
Topical term or geographic name entry element DETR CIRCULAR 10/1999
650 ## - SUBJECT ADDED ENTRY--TOPICAL TERM
Topical term or geographic name entry element DETR CIRCULAR 02/2001
650 ## - SUBJECT ADDED ENTRY--TOPICAL TERM
Topical term or geographic name entry element LOCAL AUTHORITIES
650 ## - SUBJECT ADDED ENTRY--TOPICAL TERM
Topical term or geographic name entry element LOCAL GOVERNMENT ACT 1999 PART I
650 ## - SUBJECT ADDED ENTRY--TOPICAL TERM
Topical term or geographic name entry element PERFORMANCE MEASUREMENT
650 ## - SUBJECT ADDED ENTRY--TOPICAL TERM
Topical term or geographic name entry element ODPM CIRCULAR 03/2003
690 ## - LOCAL SUBJECT ADDED ENTRY--TOPICAL TERM (OCLC, RLIN)
Topical term or geographic name as entry element LOCAL GOVERNMENT
856 ## - ELECTRONIC LOCATION AND ACCESS
Uniform Resource Identifier <a href="https://www.communities.gov.uk/index.asp?id=1163718">https://www.communities.gov.uk/index.asp?id=1163718</a>
Hours access method available View the Circular on the ODPM website...
942 ## - ADDED ENTRY ELEMENTS (KOHA)
Suppress in OPAC 0
Holdings
Withdrawn status Lost status Source of classification or shelving scheme Damaged status Not for loan Home library Current library Shelving location Date acquired Total Checkouts Full call number Barcode Date last seen Copy number Price effective from Koha item type
    Dewey Decimal Classification     Virtual Virtual Online 14/03/2003   ONLINE PUBLICATION 121625-2001 06/08/2019 1 06/08/2019 Book